[Event "Dimitrovgrad_Chmp_2023"]
[Site "Dimitrovgrad"]
[Date "2023.03.25"]
[Round "1"]
[White "Bredihin, Dmitriy"]
[Black "Lazutin, Valerij"]
[Result "1/2-1/2"]
[WhiteElo "2166"]
[BlackElo "1935"]
[PlyCount "123"]

1. c4 c6 2. Nf3 Nf6 3. d4 d5 4. Nc3 e6 5. g3 Bb4 6. Bg2 O-O 7. O-O Nbd7 8. Qb3
Bd6 9. Nd2 Re8 10. e4 dxe4 11. Ndxe4 Be7 12. Rd1 Qb6 13. Qc2 Nxe4 14. Nxe4 Nf6
15. Nc3 Bd7 16. a3 Rac8 17. b4 Qd8 18. Bf4 b5 19. c5 Nd5 20. Bd6 a5 21. Qb2
Bxd6 22. cxd6 axb4 23. axb4 Nb6 24. Ne4 Nc4 25. Qc1 f5 26. Nc5 Nxd6 27. Qf4 Nc4
28. Ra7 g5 29. Qc1 Nb6 30. Rb7 Rb8 31. Rxb8 Qxb8 32. Qxg5+ Kf7 33. Nxd7 Nxd7
34. Bxc6 Re7 35. d5 Nf6 36. dxe6+ Rxe6 37. Bd5 Nxd5 38. Qxf5+ Nf6 39. Rd7+ Re7
40. Rxe7+ Kxe7 41. g4 Qg8 42. h3 Qc4 43. g5 Qc1+ 44. Kh2 Qc7+ 45. f4 Nd5 46.
Qxh7+ Ke6 47. Qe4+ Kd6 48. g6 Qe7 49. Qd3 Qf6 50. f5 Qe5+ 51. Qg3 Qxg3+ 52.
Kxg3 Ke5 53. Kg4 Kf6 54. h4 Ne3+ 55. Kf4 Nxf5 56. h5 Ne7 57. Ke4 Kg5 58. Kd4
Kxh5 59. g7 Kg6 60. g8=Q+ Nxg8 61. Kc5 Nf6 62. Kxb5 1/2-1/2

[Event "Dimitrovgrad_Chmp_2023"]
[Site "Dimitrovgrad"]
[Date "2023.03.25"]
[Round "1"]
[White "Akimov, Gennadiy"]
[Black "Abramov, Alexander"]
[Result "0-1"]
[WhiteElo "1923"]
[BlackElo "2103"]
[PlyCount "122"]

1. e4 c5 2. Nf3 d6 3. d4 cxd4 4. Nxd4 Nf6 5. Nc3 a6 6. Be2 e6 7. O-O Be7 8. h3
O-O 9. Be3 b5 10. Qd2 Bb7 11. f3 Nbd7 12. a3 Qc7 13. Bd3 Nb6 14. b3 Rac8 15.
Nd1 d5 16. Nf2 Rfd8 17. Qa5 Nbd7 18. Qxc7 Rxc7 19. Ne2 dxe4 20. Nxe4 Nxe4 21.
fxe4 Bc5 22. Bf2 Bxf2+ 23. Rxf2 Ne5 24. Nc1 Nxd3 25. cxd3 Rc3 26. a4 Rdc8 27.
Rf1 b4 28. Kf2 f5 29. Re1 fxe4 30. dxe4 a5 31. Rb1 e5 32. Ne2 Rf8+ 33. Kg1 Re3
34. Kh2 Rxe4 35. Ng3 Rxe1 36. Rxe1 Rf2 37. Ne4 Rc2 38. Re3 Bxe4 39. Rxe4 Rc5
40. Kg3 Kf7 41. Kg4 Ke6 42. Re1 Rc3 43. Rb1 Rd3 44. Rc1 Rc3 45. Rb1 Kd5 46.
Rd1+ Kc5 47. Rb1 Kd4 48. Kf5 e4 49. Kf4 e3 50. Kf3 Kd3 51. Rd1+ Kc2 52. Rd5
Rxb3 53. Rxa5 Kd2 54. Re5 Rc3 55. a5 b3 56. a6 b2 57. a7 Ra3 58. Rd5+ Kc2 59.
Rc5+ Kb1 60. Ke2 Ka1 61. Rc3 Rxa7 0-1

[Event "Dimitrovgrad_Chmp_2023"]
[Site "Dimitrovgrad"]
[Date "2023.03.25"]
[Round "1"]
[White "Rudnev, Yuri"]
[Black "Abramov, Gordey P."]
[Result "1-0"]
[WhiteElo "2097"]
[BlackElo "1832"]
[PlyCount "75"]

1. e4 c5 2. Nf3 d6 3. d4 cxd4 4. Nxd4 Nf6 5. Nc3 a6 6. Bg5 e6 7. f4 Be7 8. Qf3
Nc6 9. O-O-O Qc7 10. Be2 b5 11. Nxc6 Qxc6 12. e5 Qxf3 13. Bxf3 Nd5 14. Nxd5
exd5 15. Bxd5 Rb8 16. Bc6+ Bd7 17. Bxd7+ Kxd7 18. Bxe7 Kxe7 19. Rxd6 a5 20.
Rhd1 Rb7 21. Rc6 Rhb8 22. Rd5 b4 23. Ra6 Rb5 24. Ra7+ Ke6 25. Rd6+ Kf5 26.
Rxf7+ Ke4 27. e6 b3 28. axb3 Re8 29. e7 Rb7 30. Re6+ Kd5 31. Re5+ Kd6 32. Rxg7
Rbxe7 33. Rgxe7 Rxe7 34. Rxe7 Kxe7 35. g4 Kf6 36. f5 h5 37. gxh5 Kxf5 38. c4
1-0

[Event "Dimitrovgrad_Chmp_2023"]
[Site "Dimitrovgrad"]
[Date "2023.03.25"]
[Round "1"]
[White "Shapran, Stefaniya"]
[Black "Zaletov, Yuri"]
[Result "0-1"]
[WhiteElo "1793"]
[BlackElo "2088"]
[PlyCount "40"]

1. c4 e5 2. Nc3 Nf6 3. g3 c6 4. e4 d5 5. cxd5 cxd5 6. exd5 Nxd5 7. Qb3 Nb4 8.
Nd1 N8c6 9. Ne3 Be6 10. Qc3 Rc8 11. Bb5 a6 12. Bc4 Bxc4 13. Nxc4 Nd4 14. Kd1 b5
15. Qe3 Rxc4 16. Qxe5+ Be7 17. Qxg7 Bf6 18. Qh6 Nbc2 19. Rb1 Qe7 20. Nh3 Qe2#
0-1

[Event "Dimitrovgrad_Chmp_2023"]
[Site "Dimitrovgrad"]
[Date "2023.03.25"]
[Round "1"]
[White "Abramov, Sergey"]
[Black "Guliev, Fahrutdin"]
[Result "1-0"]
[WhiteElo "1988"]
[BlackElo "1941"]
[PlyCount "107"]

1. Nf3 d5 2. d4 Nf6 3. c4 c6 4. Nc3 e6 5. e3 Bb4 6. Bd3 Ne4 7. Qc2 f5 8. O-O
O-O 9. a3 Bd6 10. c5 Bc7 11. b4 Qe8 12. Ne5 Nd7 13. f4 Nxe5 14. dxe5 Qg6 15.
Ne2 Bd7 16. Nd4 Bd8 17. Bb2 Qh5 18. Qe2 Qh4 19. Bxe4 fxe4 20. f5 Re8 21. Rf4
Qh6 22. Re1 Bg5 23. Rf2 exf5 24. Rxf5 Bxf5 25. Nxf5 Qg6 26. Nd6 Re7 27. Bd4 Rf8
28. Rf1 Rxf1+ 29. Kxf1 Qh6 30. Qg4 Re6 31. Qf5 Qg6 32. Qxg6 hxg6 33. Nxb7 Be7
34. Ke2 Kf8 35. Kd2 Ke8 36. Kc3 Bd8 37. Nd6+ Ke7 38. Nc8+ Kd7 39. Nxa7 Bc7 40.
a4 Bxe5 41. b5 cxb5 42. axb5 Bb8 43. c6+ Kd8 44. Bb6+ Bc7 45. Bd4 Bb8 46. Kb4
Re7 47. b6 Ke8 48. Kc5 Bxa7 49. bxa7 Rxa7 50. Kb6 Ra8 51. Kb7 Ra4 52. c7 Rb4+
53. Kc6 Rc4+ 54. Bc5 1-0

[Event "Dimitrovgrad_Chmp_2023"]
[Site "Dimitrovgrad"]
[Date "2023.03.25"]
[Round "1"]
[White "Shaykin, Andrey"]
[Black "Markelov, Aleksey"]
[Result "1/2-1/2"]
[WhiteElo "1939"]
[BlackElo "1956"]
[PlyCount "80"]

1. e4 e6 2. Nf3 d5 3. exd5 exd5 4. d4 Bd6 5. Be2 Bf5 6. c3 Ne7 7. O-O O-O 8.
Bg5 c6 9. Re1 f6 10. Bh4 Nd7 11. Bd3 Bg6 12. Qc2 Qc7 13. Bg3 Rfe8 14. Nbd2 Nf8
15. Nh4 Bxd3 16. Qxd3 Nfg6 17. Nf5 Bxg3 18. Nxe7+ Rxe7 19. hxg3 Rae8 20. Nf3
Re4 21. Rxe4 Rxe4 22. Kf1 Qe7 23. Re1 f5 24. Qd2 h6 25. a3 Qf6 26. Qc2 Qe7 27.
Qd2 Qe6 28. Qc2 b6 29. Qa4 a5 30. Qb3 b5 31. a4 Qd7 32. axb5 cxb5 33. Qa3 Qc7
34. Qb3 Qc4+ 35. Qxc4 Rxe1+ 36. Kxe1 bxc4 37. Ne5 Ne7 38. Nd7 Kf7 39. Nc5 Nc6
40. Ke2 Ke7 1/2-1/2

[Event "Dimitrovgrad_Chmp_2023"]
[Site "Dimitrovgrad"]
[Date "2023.03.25"]
[Round "1"]
[White "Slaboganin, Vladimir"]
[Black "Pushkin, Sergey"]
[Result "0-1"]
[WhiteElo "1950"]
[BlackElo "1626"]
[PlyCount "98"]

1. e4 g6 2. d4 Bg7 3. Nf3 b6 4. Bd3 Bb7 5. O-O e6 6. Bg5 Ne7 7. Re1 d6 8. c3
O-O 9. Nbd2 Qd7 10. Nf1 c5 11. Qd2 d5 12. e5 Ba6 13. Bxa6 Nxa6 14. Ne3 Nc7 15.
Ng4 Kh8 16. Nf6 Qd8 17. Bh6 Ne8 18. g4 Ng8 19. Bxg7+ Kxg7 20. g5 Kh8 21. Qf4
Ng7 22. Qh4 h6 23. Nxg8 Kxg8 24. Qxh6 Nf5 25. Qh3 Kg7 26. Qg4 Rh8 27. h4 a5 28.
Kg2 a4 29. Rh1 Rh5 30. Rab1 c4 31. b3 axb3 32. axb3 Ra3 33. Qf4 cxb3 34. Qc1
Qa8 35. Ra1 Ra2 36. Rxa2 Qxa2 37. Qb1 Rh8 38. Qxa2 bxa2 39. Ra1 Ra8 40. Kf1 Ra3
41. Ke2 b5 42. Ne1 Rxc3 43. Rxa2 Nxd4+ 44. Kd2 Rh3 45. Nc2 Nf3+ 46. Ke2 Nxe5
47. Rb2 Rxh4 48. Rxb5 Re4+ 49. Kd1 Nf3 0-1

[Event "Dimitrovgrad_Chmp_2023"]
[Site "Dimitrovgrad"]
[Date "2023.03.26"]
[Round "2"]
[White "Abramov, Alexander"]
[Black "Abramov, Sergey"]
[Result "1-0"]
[WhiteElo "2103"]
[BlackElo "1988"]
[PlyCount "59"]

1. d4 Nf6 2. c4 c6 3. Nf3 d5 4. g3 Bf5 5. Bg2 e6 6. O-O h6 7. Nc3 Bd6 8. b3 Nbd7 9. Bb2 O-O 10. Re1 Ne4 11. Nd2 Ndf6 12. Ndxe4 Nxe4 13. Nxe4 Bxe4 14. Bxe4 dxe4 15. Qc2 f5 16. f4 Be7 17. e3 Bf6 18. Kh1 Qe8 19. Ba3 Rf7 20. Rg1 g5 21. g4 Rg7 22. Bd6 Rd8
23. c5 h5 24. gxf5 exf5 25. fxg5 Rxd6 26. cxd6 Bxg5 27. Raf1 Bxe3 28. Rxg7+
Kxg7 29. Qg2+ Kf6 30. Qh3 1-0

[Event "Dimitrovgrad_Chmp_2023"]
[Site "Dimitrovgrad"]
[Date "2023.03.26"]
[Round "2"]
[White "Zaletov, Yuri"]
[Black "Kondyurin, Yakov"]
[Result "1-0"]
[WhiteElo "2088"]
[BlackElo "1600"]
[PlyCount "44"]

1. e4 e5 2. Nc3 Bb4 3. Nd5 a5 4. c3 Bc5 5. d4 exd4 6. cxd4 Bb4+ 7. Nxb4 axb4 8.
Bc4 Qf6 9. Nf3 h6 10. Ne5 d5 11. Bxd5 Be6 12. Bxb7 Ra5 13. Qc2 Ne7 14. Qxc7
Rxe5 15. dxe5 Qg6 16. Qxb8+ Bc8 17. Bxc8 Qxe4+ 18. Be3 O-O 19. Bb7 Nd5 20. Qd6
Rc8 21. Qxd5 Qc2 22. Bxc8 Qxb2 1-0

[Event "Dimitrovgrad_Chmp_2023"]
[Site "Dimitrovgrad"]
[Date "2023.03.26"]
[Round "2"]
[White "Markelov, Aleksey"]
[Black "Bredihin, Dmitriy"]
[Result "0-1"]
[WhiteElo "1956"]
[BlackElo "2166"]
[PlyCount "159"]

1. e4 c5 2. c3 Nf6 3. e5 Nd5 4. d4 cxd4 5. cxd4 d6 6. exd6 Qxd6 7. Bb5+ Bd7 8.
Bxd7+ Qxd7 9. Ne2 Nc6 10. Nbc3 g6 11. Qb3 Nxc3 12. bxc3 Bg7 13. O-O O-O 14. Be3
Rac8 15. Rac1 Na5 16. Qc2 Nc4 17. h3 b5 18. Rfe1 Nb6 19. Qb3 Rc4 20. Nf4 Rfc8
21. Nd3 Na4 22. Bd2 e6 23. Nb2 Nxb2 24. Qxb2 Ra4 25. Rb1 a6 26. Red1 Qd5 27.
Ra1 Qc4 28. Qb3 Bf8 29. Qxc4 Raxc4 30. Rdc1 Bg7 31. Re1 Ra4 32. Kf1 Ra3 33.
Reb1 e5 34. Rb3 Ra4 35. Be3 exd4 36. Bxd4 Bxd4 37. cxd4 Rxd4 38. Rb2 Rc3 39.
Re1 Kg7 40. g3 g5 41. Re7 h5 42. Ra7 Ra4 43. Rd2 h4 44. gxh4 gxh4 45. Kg2 Rca3
46. Rdd7 Rf4 47. Rd2 a5 48. Rb7 b4 49. Ra7 Kg6 50. Ra6+ Rf6 51. Ra7 Rf5 52.
Ra6+ Kg5 53. Ra7 Kh5 54. Rb7 Rg5+ 55. Kh2 Rf3 56. Ra7 Re5 57. Kg2 Rff5 58. Rb7
Re1 59. Ra7 Kg6 60. Ra6+ Kg7 61. Ra7 Rg5+ 62. Kf3 Rh1 63. Rdd7 Rf5+ 64. Kg4 Kg6
65. Rd6+ f6 66. Rg7+ Kxg7 67. Kxf5 Rxh3 68. Rd7+ Kf8 69. f4 Rf3 70. Kg4 Rf2 71.
Ra7 Rxa2 72. Kxh4 b3 73. Rb7 a4 74. Kg4 Rg2+ 75. Kf5 b2 76. Kxf6 Ke8 77. f5 a3
78. Ke6 Kd8 79. f6 Re2+ 80. Kd6 0-1

[Event "Dimitrovgrad_Chmp_2023"]
[Site "Dimitrovgrad"]
[Date "2023.03.26"]
[Round "2"]
[White "Lazutin, Valerij"]
[Black "Shaykin, Andrey"]
[Result "1-0"]
[WhiteElo "1935"]
[BlackElo "1739"]
[PlyCount "37"]

1. d4 e5 2. dxe5 Nc6 3. Nf3 Qe7 4. g3 Nxe5 5. Bg2 g6 6. O-O Bg7 7. Nc3 Nxf3+ 8.
Bxf3 c6 9. e4 d6 10. Bg2 Nf6 11. Bf4 Be6 12. Bxd6 Qd7 13. e5 Nh5 14. Ne4 O-O-O
15. Qd4 b6 16. Qa4 c5 17. Qa6+ Qb7 18. Qxb7+ Kxb7 19. Nxc5+ 1-0

[Event "Dimitrovgrad_Chmp_2023"]
[Site "Dimitrovgrad"]
[Date "2023.03.26"]
[Round "2"]
[White "Abramov, Gordey P."]
[Black "Slaboganin, Vladimir"]
[Result "1-0"]
[WhiteElo "1832"]
[BlackElo "1950"]
[PlyCount "65"]

1. c4 c5 2. g3 g6 3. Bg2 Bg7 4. Nf3 Nf6 5. Nc3 Nc6 6. O-O O-O 7. d4 cxd4 8.
Nxd4 Nxd4 9. Qxd4 d6 10. Qh4 Re8 11. Bh6 Bh8 12. h3 Qb6 13. b3 Bd7 14. Rac1 Bc6
15. Nd5 Nxd5 16. cxd5 Bd7 17. Rc2 Rac8 18. Rxc8 Rxc8 19. Qxe7 Bb5 20. Rc1 Rxc1+
21. Bxc1 Bg7 22. Be3 Bd4 23. Bxd4 Qxd4 24. Qxb7 Qc5 25. Bf3 Kf8 26. Qb8+ Kg7
27. a4 Ba6 28. b4 Qb6 29. Qxb6 axb6 30. e3 Kf6 31. Bg2 Ke7 32. f4 Kf6 33. Kf2
1-0

[Event "Dimitrovgrad_Chmp_2023"]
[Site "Dimitrovgrad"]
[Date "2023.03.26"]
[Round "2"]
[White "Guliev, Fahrutdin"]
[Black "Akimov, Gennadiy"]
[Result "1/2-1/2"]
[WhiteElo "1741"]
[BlackElo "1923"]
[PlyCount "74"]

1. d4 c5 2. d5 d6 3. c4 e5 4. e4 f5 5. Nc3 Nf6 6. Bd3 f4 7. Nf3 h6 8. h4 Bg4 9.
Be2 Be7 10. g3 fxg3 11. fxg3 O-O 12. Nh2 Bxe2 13. Qxe2 Nh7 14. Bd2 a6 15. O-O-O
Nd7 16. Rhf1 Rb8 17. Rxf8+ Ndxf8 18. Qg4 Kh8 19. Rf1 Qe8 20. Qf5 b5 21. cxb5
axb5 22. Ng4 b4 23. Nb1 h5 24. Ne3 Nf6 25. g4 g6 26. Qf3 hxg4 27. Nxg4 N8h7 28.
Nxf6 Nxf6 29. Bg5 Nh5 30. Be3 Qg8 31. Qg4 Rf8 32. Qh3 Rxf1+ 33. Qxf1 Bxh4 34.
Nd2 Kg7 35. Qh3 Be7 36. Qd7 Qf7 37. Qg4 Nf4 1/2-1/2

[Event "Dimitrovgrad_Chmp_2023"]
[Site "Dimitrovgrad"]
[Date "2023.03.26"]
[Round "3"]
[White "Rudnev, Yuri"]
[Black "Abramov, Alexander"]
[Result "0-1"]
[WhiteElo "2097"]
[BlackElo "2103"]
[PlyCount "58"]

1. e4 c5 2. Nf3 d6 3. d4 cxd4 4. Nxd4 Nf6 5. Nc3 a6 6. Bg5 e6 7. f4 Nbd7 8. Qf3
Be7 9. O-O-O Qc7 10. g4 b5 11. Bxf6 Bxf6 12. g5 Be7 13. f5 Bxg5+ 14. Kb1 Ne5
15. Qh5 Bf6 16. fxe6 g6 17. Nd5 Qd8 18. exf7+ Kxf7 19. Qe2 Bg4 20. Qd2 Bxd1 21.
Qxd1 Re8 22. Bh3 Bg7 23. Rf1+ Kg8 24. Ne6 Qh4 25. Nxg7 Kxg7 26. Bg2 Rf8 27. Rh1
Rf2 28. Nc7 Rc8 29. Qxd6 Qf6 0-1

[Event "Dimitrovgrad_Chmp_2023"]
[Site "Dimitrovgrad"]
[Date "2023.03.26"]
[Round "3"]
[White "Bredihin, Dmitriy"]
[Black "Zaletov, Yuri"]
[Result "1-0"]
[WhiteElo "2166"]
[BlackElo "2088"]
[PlyCount "69"]

1. c4 e5 2. Nc3 Nf6 3. Nf3 Nc6 4. g3 Bb4 5. Nd5 Bc5 6. Bg2 O-O 7. O-O d6 8. d3
h6 9. e3 Bg4 10. h3 Bh5 11. a3 Nxd5 12. cxd5 Ne7 13. g4 Bg6 14. d4 exd4 15.
Nxd4 Bxd4 16. Qxd4 f5 17. b4 Be8 18. Bb2 Rf7 19. f4 Bd7 20. e4 fxg4 21. hxg4
Bxg4 22. f5 c6 23. Rf4 h5 24. dxc6 Nxc6 25. Qd5 Qg5 26. Raf1 Bh3 27. R4f2 Qg3
28. Rd1 Bxg2 29. Rxg2 Qe3+ 30. Kh2 Qf4+ 31. Kh3 Ne5 32. Qxd6 Re8 33. Re1 Rd7
34. Bxe5 Qf3+ 35. Rg3 1-0

[Event "Dimitrovgrad_Chmp_2023"]
[Site "Dimitrovgrad"]
[Date "2023.03.26"]
[Round "3"]
[White "Abramov, Sergey"]
[Black "Lazutin, Valerij"]
[Result "1/2-1/2"]
[WhiteElo "1988"]
[BlackElo "1935"]
[PlyCount "104"]

1. Nf3 d5 2. d4 c6 3. c4 e6 4. Nc3 Nf6 5. e3 Be7 6. Bd3 O-O 7. O-O Nbd7 8. Qc2
dxc4 9. Bxc4 b5 10. Bd3 Bb7 11. a3 Re8 12. e4 Nf8 13. Qe2 a6 14. Rd1 Qb6 15. h3
Rad8 16. Be3 c5 17. dxc5 Bxc5 18. Bxc5 Qxc5 19. Rac1 Qb6 20. e5 N6d7 21. b4
Bxf3 22. gxf3 Ng6 23. Bxg6 hxg6 24. f4 f5 25. Rd6 Qb7 26. Rcd1 Kf7 27. Qd3 Ke7
28. a4 bxa4 29. Nxa4 Qb5 30. Nc5 Qxd3 31. R1xd3 Nxc5 32. bxc5 Rxd6 33. cxd6+
Kd7 34. Rc3 Ra8 35. Rc7+ Ke8 36. Rxg7 Kf8 37. Rh7 Kg8 38. Rc7 Kf8 39. Kf1 a5
40. Rc3 a4 41. Ra3 g5 42. Ke2 Ra5 43. Kf3 Kf7 44. fxg5 Rxe5 45. Rxa4 Rd5 46.
Ra7+ Kg6 47. Ke3 Kxg5 48. d7 Kh4 49. f3 e5 50. Kf2 f4 51. d8=Q+ Rxd8 52. Rh7+
Kg5 1/2-1/2

[Event "Dimitrovgrad_Chmp_2023"]
[Site "Dimitrovgrad"]
[Date "2023.03.26"]
[Round "3"]
[White "Pushkin, Sergey"]
[Black "Abramov, Gordey P."]
[Result "0-1"]
[WhiteElo "1626"]
[BlackElo "1832"]
[PlyCount "85"]

1. d4 d5 2. c4 c6 3. Nc3 Nf6 4. Bg5 e6 5. Nf3 Be7 6. Qc2 Nbd7 7. e3 dxc4 8.
Bxc4 b5 9. Be2 Bb7 10. a3 a6 11. O-O O-O 12. Nd2 c5 13. Bf3 Bxf3 14. Nxf3 cxd4
15. Nxd4 Rc8 16. Qe2 h6 17. Bh4 Qb6 18. Rac1 Rfd8 19. Rfd1 Ne5 20. b4 Rc4 21.
Bg3 Ng6 22. Nb3 Rdc8 23. Qb2 Nh5 24. Rd4 Rxd4 25. Nxd4 Nxg3 26. hxg3 Bf6 27. a4
bxa4 28. Nxa4 Rxc1+ 29. Qxc1 Qxb4 30. Qc8+ Kh7 31. Qxa6 Bxd4 32. exd4 Qxd4 33.
Qb5 Ne5 34. Nc5 Qd1+ 35. Qf1 Qxf1+ 36. Kxf1 Kg6 37. Ke2 Kf6 38. Ne4+ Ke7 39.
Nc5 Nd7 40. Nd3 e5 41. Ke3 Ke6 42. f4 Kf5 43. Kf3 0-1

[Event "Dimitrovgrad_Chmp_2023"]
[Site "Dimitrovgrad"]
[Date "2023.03.26"]
[Round "3"]
[White "Kondyurin, Yakov"]
[Black "Shapran, Stefaniya"]
[Result "0-1"]
[WhiteElo "1600"]
[BlackElo "1793"]
[PlyCount "108"]

1. e4 d5 2. exd5 Qxd5 3. Nc3 Qa5 4. Qf3 c6 5. Bc4 Nf6 6. h3 Bf5 7. d3 e6 8. Bd2
Qc7 9. Nge2 Nbd7 10. Bf4 Bd6 11. Bxd6 Qxd6 12. Qg3 Qxg3 13. Nxg3 Bg6 14. O-O-O
b5 15. Bb3 Nc5 16. f3 Nxb3+ 17. axb3 Nd5 18. Rhe1 Kd7 19. Nce4 Rab8 20. Nc5+
Kd6 21. Nge4+ Bxe4 22. Nxe4+ Ke7 23. Nc5 Rhd8 24. g3 Nc7 25. f4 Rd5 26. d4 b4
27. g4 g6 28. h4 Nb5 29. Re5 Rxd4 30. Rxd4 Nxd4 31. Nd3 Kd6 32. Ra5 Rb7 33. h5
f5 34. hxg6 hxg6 35. g5 Rc7 36. Kd2 c5 37. Ra6+ Kd5 38. Ne5 Ke4 39. Nd3 c4 40.
Nxb4 Kxf4 41. c3 Nxb3+ 42. Ke2 Kxg5 43. Rxe6 Nc5 44. Re3 Ne4 45. Kf3 a5 46. Nd5
Rd7 47. Nb6 Rc7 48. Nd5 Rc5 49. Nf4 Kf6 50. Re2 g5 51. Ng2 Re5 52. Ne3 g4+ 53.
Kf4 Rc5 {[%emt 0:00:00]} 54. Re1 a4 0-1

[Event "Dimitrovgrad_Chmp_2023"]
[Site "Dimitrovgrad"]
[Date "2023.03.26"]
[Round "3"]
[White "Akimov, Gennadiy"]
[Black "Markelov, Aleksey"]
[Result "1/2-1/2"]
[WhiteElo "1923"]
[BlackElo "1956"]
[PlyCount "128"]

1. e4 e6 2. c4 c6 3. Nc3 d5 4. d4 dxe4 5. Nxe4 Bb4+ 6. Nc3 Ne7 7. Nf3 O-O 8.
Qb3 c5 9. Be3 cxd4 10. Nxd4 Nbc6 11. Nxc6 Nxc6 12. a3 Bxc3+ 13. Qxc3 Qc7 14.
Be2 b6 15. Bf3 Bb7 16. O-O Ne7 17. Bxb7 Qxb7 18. Rac1 Rac8 19. b3 Rfd8 20. Rfd1
h6 21. h3 Rd7 22. Rxd7 Qxd7 23. b4 Qc6 24. Qe5 Ng6 25. Qg3 Rd8 26. c5 b5 27.
Rc3 Ne7 28. Bf4 Qe4 29. Rc1 Nf5 30. Qf3 Qxf3 31. gxf3 Nd4 32. Kf1 Nc6 33. Bd6
f6 34. Ra1 a6 35. f4 Rd7 36. Ke2 Nd4+ 37. Kf1 Nc6 38. Rb1 Kf7 39. Kg2 g5 40.
Kg3 Nd4 41. fxg5 Nf5+ 42. Kg4 Nxd6 43. Rd1 hxg5 44. Rxd6 Ra7 45. Rb6 Ra8 46. f3
Ra7 47. f4 gxf4 48. Kxf4 Ra8 49. h4 Rh8 50. Kg4 Rg8+ 51. Kh3 f5 52. Rxa6 f4 53.
Rd6 Rg3+ 54. Kh2 Rxa3 55. Kg2 Rc3 56. h5 Ke7 57. h6 Rg3+ 58. Kf2 Rh3 59. Rb6
Rxh6 60. Rxb5 Rh3 61. Rb7+ Kd8 62. Rf7 e5 63. b5 Rc3 64. c6 Kc8 1/2-1/2

[Event "Dimitrovgrad_Chmp_2023"]
[Site "Dimitrovgrad"]
[Date "2023.03.26"]
[Round "3"]
[White "Shaykin, Andrey"]
[Black "Guliev, Fahrutdin"]
[Result "1-0"]
[WhiteElo "1739"]
[BlackElo "1741"]
[PlyCount "105"]

1. e4 d5 2. exd5 Qxd5 3. Nf3 Bg4 4. Be2 Nf6 5. O-O e6 6. Nc3 Qd8 7. d3 Be7 8.
Bf4 c6 9. h3 Bh5 10. Ne5 Bxe2 11. Qxe2 O-O 12. Qf3 Nbd7 13. Nxd7 Qxd7 14. Qg3
Nh5 15. Qg4 Nxf4 16. Qxf4 Rad8 17. Ne4 Qd4 18. Qc1 h6 19. Rd1 f5 20. c3 Qb6 21.
Ng3 Bg5 22. Qc2 Bh4 23. Nf1 f4 24. Qe2 Rde8 25. Rd2 f3 26. gxf3 Bg5 27. Ne3 Bf4
28. Rc2 Qb5 29. Ng2 Qh5 30. Nxf4 Rxf4 31. Kg2 e5 32. Rg1 Ref8 33. Kh2 Rxf3 34.
Rg3 Qf5 35. Rxf3 Qxf3 36. Qxf3 Rxf3 37. Rd2 Kf7 38. Kg2 Rf4 39. Re2 Kf6 40. Re4
Kf5 41. f3 g5 42. Kg3 h5 43. Rxf4+ exf4+ 44. Kf2 Ke5 45. b3 Kd5 46. d4 c5 47.
dxc5 Kxc5 48. Kg2 b5 49. h4 Kd5 50. hxg5 Ke5 51. Kh3 Kf5 52. Kh4 Kg6 53. c4 1-0

[Event "Dimitrovgrad_Chmp_2023"]
[Site "Dimitrovgrad"]
[Date "2023.04.01"]
[Round "4"]
[White "Abramov, Alexander"]
[Black "Bredihin, Dmitriy"]
[Result "1-0"]
[WhiteElo "2103"]
[BlackElo "2166"]
[PlyCount "61"]

1. Nf3 c5 2. c4 Nf6 3. Nc3 d5 4. cxd5 Nxd5 5. d4 Nxc3 6. bxc3 g6 7. e4 Bg7 8.
Be3 O-O 9. Be2 Nd7 10. O-O Nf6 11. Nd2 b6 12. a4 Qc7 13. f3 Rd8 14. Qe1 Bb7 15.
a5 cxd4 16. cxd4 Qc3 17. Qf2 Nh5 18. a6 Bc8 19. e5 Bxe5 20. dxe5 Rxd2 21. Bxd2
Qxd2 22. f4 Be6 23. f5 Bb3 24. Bxh5 Qxf2+ 25. Rxf2 gxh5 26. Rd2 e6 27. f6 Bd5
28. Rc1 b5 29. Rd4 h6 30. Rc7 Rb8 31. Rb4 1-0

[Event "Dimitrovgrad_Chmp_2023"]
[Site "Dimitrovgrad"]
[Date "2023.04.01"]
[Round "4"]
[White "Lazutin, Valerij"]
[Black "Shapran, Stefaniya"]
[Result "1-0"]
[WhiteElo "1935"]
[BlackElo "1793"]
[PlyCount "91"]

1. c4 e5 2. g3 d5 3. Bg2 dxc4 4. Qa4+ Bd7 5. Qxc4 Nc6 6. Nf3 Bd6 7. O-O Nge7 8.
Nc3 a6 9. d4 b5 10. Qd3 Nb4 11. Qd1 exd4 12. Nxd4 Nbc6 13. Bg5 f6 14. Be3 Rb8
15. Rc1 Nxd4 16. Bxd4 Nc6 17. Ne4 Be5 18. Bc5 f5 19. Nc3 b4 20. Nd5 Be6 21. Nf4
Qxd1 22. Rfxd1 Nd8 23. b3 Kf7 24. Nd3 Bc3 25. e4 fxe4 26. Bxe4 Re8 27. f3 g6
28. Nf4 Rb5 29. Bd4 Bxd4+ 30. Rxd4 c5 31. Rd6 Ra5 32. Rcd1 Rxa2 33. Nxe6 Nxe6
34. Bd5 Re2 35. Bc4 Re3 36. Kf2 Re5 37. Rxa6 Kf8 38. Rd7 h6 39. Rdd6 Nc7 40.
Rac6 Na8 41. Rxg6 h5 42. Rg8+ Ke7 43. Rxe8+ Kxe8 44. Rc8+ Kd7 45. Rxa8 Re8 46.
Bb5+ 1-0

[Event "Dimitrovgrad_Chmp_2023"]
[Site "Dimitrovgrad"]
[Date "2023.04.01"]
[Round "4"]
[White "Abramov, Gordey P."]
[Black "Shaykin, Andrey"]
[Result "1-0"]
[WhiteElo "1832"]
[BlackElo "1739"]
[PlyCount "45"]

1. c4 e5 2. Nc3 Nf6 3. g3 Bc5 4. Bg2 O-O 5. e3 h6 6. Nge2 c6 7. d4 exd4 8. Nxd4
d6 9. h3 Be6 10. Nxe6 fxe6 11. O-O d5 12. cxd5 exd5 13. b3 Nbd7 14. Bb2 Qc7 15.
Rc1 Qd6 16. Ne2 Rae8 17. Qc2 Ne4 18. Nf4 g5 19. Nd3 Bb6 20. b4 Nxg3 21. fxg3
Qxg3 22. Nf2 Bxe3 23. Qg6# 1-0

[Event "Dimitrovgrad_Chmp_2023"]
[Site "Dimitrovgrad"]
[Date "2023.04.01"]
[Round "4"]
[White "Slaboganin, Vladimir"]
[Black "Akimov, Gennadiy"]
[Result "0-1"]
[WhiteElo "1950"]
[BlackElo "1923"]
[PlyCount "76"]

1. d4 c5 2. d5 d6 3. c4 Nf6 4. Nc3 g6 5. e4 Bg7 6. Nf3 O-O 7. Be2 Bg4 8. Bg5
Nbd7 9. O-O h6 10. Bd2 a6 11. h3 Bxf3 12. Bxf3 Nh7 13. Qc1 g5 14. Be2 Bd4 15.
Kh1 e5 16. dxe6 fxe6 17. f4 Qe7 18. Bd3 Qg7 19. f5 e5 20. Rb1 Nhf6 21. g4 Kf7
22. Nd5 Nxd5 23. cxd5 b5 24. Be2 Nf6 25. Bf3 Rh8 26. Kg2 Qf8 27. Rh1 Qe7 28. h4
Nh7 29. Rh3 gxh4 30. Bxh6 Rag8 31. Qh1 Ng5 32. Rxh4 Qf6 33. Bxg5 Qxg5 34. Rh2
Qd2+ 35. Kg3 Qf4+ 36. Kg2 Rxg4+ 37. Bxg4 Qxg4+ 38. Kf1 Qf4+ 0-1

[Event "Dimitrovgrad_Chmp_2023"]
[Site "Dimitrovgrad"]
[Date "2023.05.02"]
[Round "5"]
[White "Bredihin, Dmitriy"]
[Black "Abramov, Sergey"]
[Result "1-0"]
[WhiteElo "2166"]
[BlackElo "1988"]
[PlyCount "119"]

1. c4 Nf6 2. Nf3 c6 3. d4 d5 4. Nc3 Bf5 5. cxd5 cxd5 6. Qb3 Qb6 7. Qxb6 axb6 8.
Bf4 e6 9. e3 Nc6 10. Bb5 Be7 11. O-O O-O 12. Ne5 Rfc8 13. h3 Ne4 14. Na4 Nxe5
15. Bxe5 Ra5 16. Bd7 Rc2 17. Rac1 Nd6 18. Rxc2 Bxc2 19. b3 h5 20. Rc1 Bf5 21.
Rc7 Kf8 22. Bxd6 Bxd6 23. Rxb7 Ba3 24. Rxb6 Bc1 25. Rc6 Bd2 26. Rc5 Ra7 27. Bb5
Bb4 28. Rc1 Ke7 29. Kf1 Bd2 30. Rd1 Bb4 31. Ke2 Rc7 32. Bd3 Bxd3+ 33. Kxd3 Kd6
34. Ra1 Ba3 35. Nc3 Kc6 36. Rd1 Rb7 37. Rd2 Rc7 38. Rc2 Kb7 39. Nb5 Rxc2 40.
Kxc2 Bb4 41. Nc3 Ba3 42. Nb1 Bb4 43. a3 Be1 44. f3 Kc6 45. Kd3 f6 46. g4 hxg4
47. hxg4 e5 48. Nc3 g6 49. a4 Kd6 50. b4 f5 51. dxe5+ Kxe5 52. f4+ Kd6 53. gxf5
gxf5 54. Kd4 Bd2 55. Nxd5 Bc1 56. a5 Bb2+ 57. Kc4 Bc1 58. b5 Ba3 59. b6 Kc6 60.
a6 1-0

[Event "Dimitrovgrad_Chmp_2023"]
[Site "Dimitrovgrad"]
[Date "2023.05.02"]
[Round "5"]
[White "Akimov, Gennadiy"]
[Black "Zaletov, Yuri"]
[Result "1-0"]
[WhiteElo "1923"]
[BlackElo "2088"]
[PlyCount "105"]

1. e4 c5 2. Nf3 Nc6 3. Nc3 g6 4. d4 cxd4 5. Nxd4 Bg7 6. Nxc6 bxc6 7. Bc4 d6 8.
O-O Nf6 9. Bb3 O-O 10. Be3 Ng4 11. Bf4 Qb6 12. Qd2 Ba6 13. Rfe1 Rad8 14. h3 Ne5
15. Ne2 Nc4 16. Bxc4 Bxc4 17. c3 e5 18. Be3 Qc7 19. b3 Be6 20. Bh6 d5 21. Bxg7
Kxg7 22. Qe3 dxe4 23. Qxe4 f5 24. Nf4 exf4 25. Qxe6 f3 26. Qe5+ Qxe5 27. Rxe5
fxg2 28. Rc5 Rf6 29. Kxg2 h5 30. Re1 Rd7 31. h4 Rfd6 32. a4 Kf6 33. Re8 Re7 34.
Rc8 Ree6 35. Rc7 a6 36. a5 g5 37. hxg5+ Kxg5 38. Rg7+ Kf4 39. Rh7 Rg6+ 40. Kf1
Kg5 41. Re7 Kf4 42. Rc4+ Kg5 43. Rh7 Rd5 44. b4 f4 45. Kg2 Kg4 46. Rf7 Rf5 47.
Rxf5 Kxf5+ 48. Kf3 Rd6 49. Rc5+ Kg6 50. Kxf4 h4 51. Kg4 Kf7 52. Kxh4 Rg6 53. f4
1-0